Príprava absolventa univerzity pre spoločenskú prax

Základné poznatky o svetovej spoločnosti s osobitným zreteľom na ľudský kapitál. Požiadavky podnikateľského sektora na obsah vedomostí absolventa univerzity. Globalizácia a ekonomický vývin svetovej spoločnosti. Vedomostná spoločnosť. Profil absolventa univerzity.

Na minha lista:
Detalhes bibliográficos
Autor principal: Bukovská, Anna
Outros Autores: Plavčan, Peter
Formato: Capítulo de Livro
Idioma:eslovaco
Assuntos:
Tags: Adicionar Tag
Sem tags, seja o primeiro a adicionar uma tag!

MARC

LEADER 00000naa$a2200000$$$4500
001 0065445
005 20231010124432.8
041 0 |a slo 
044 |a SK 
245 1 0 |a Príprava absolventa univerzity pre spoločenskú prax  |c Anna Bukovská, Peter Plavčan 
520 |a Základné poznatky o svetovej spoločnosti s osobitným zreteľom na ľudský kapitál. Požiadavky podnikateľského sektora na obsah vedomostí absolventa univerzity. Globalizácia a ekonomický vývin svetovej spoločnosti. Vedomostná spoločnosť. Profil absolventa univerzity. 
610 2 0 |a absolventi 
610 2 0 |a univerzity 
610 2 0 |a kapitál ľudský 
610 2 0 |a spoločnosť vedomostná 
100 1 |a Bukovská, Anna 
700 1 |a Plavčan, Peter